Guess the kpop idol from the picture - Statistics

General Stats
  • This quiz has been taken 109 times
  • The average score is 9 of 16
Answer Stats
Picture Answer % Correct
jennie (blackpink)
98%
sana (twice)
84%
seulgi (red velvet)
80%
kazuha (lesserafim)
78%
rei (ive)
78%
ningning (aespa)
76%
haerin (njz)
73%
shuhua (i-dle)
69%
iroha (illit)
63%
isa (stayc)
44%
xiaoting (kep1er)
40%
aisha (everglow)
29%
kyujin (nmixx)
28%
sua (dreamcatcher)
21%
somin (kard)
20%
yeeun (clc)
15%
No matching quizzes found
Score Distribution
Percent of People with Each Score
Percentile by Number Answered
Your Score History
You have not taken this quiz